War and anti-war , survival at the dawn of the 21st century (Record no. 576257)

000 -LEADER
fixed length control field 00532nam a22001817a 4500
003 - CONTROL NUMBER IDENTIFIER
control field CEME
005 - DATE AND TIME OF LATEST TRANSACTION
control field 20210628204118.0
008 - FIXED-LENGTH DATA ELEMENTS--GENERAL INFORMATION
fixed length control field 210308b xxu||||| |||| 00| 0 eng d
020 ## - INTERNATIONAL STANDARD BOOK NUMBER
International Standard Book Number 0-316-85024-1
040 ## - CATALOGING SOURCE
Transcribing agency .
082 ## - DEWEY DECIMAL CLASSIFICATION NUMBER
Classification number 355.02 TOF'W
100 ## - MAIN ENTRY--PERSONAL NAME
Personal name Toffler, Heidi , Toffler, Alvin
9 (RLIN) 68789
245 ## - TITLE STATEMENT
Title War and anti-war , survival at the dawn of the 21st century
260 ## - PUBLICATION, DISTRIBUTION, ETC.
Place of publication, distribution, etc. LAHORE
Name of publisher, distributor, etc. ARMY EDUCATION PRESS
Date of publication, distribution, etc. 1995
300 ## - PHYSICAL DESCRIPTION
Extent XIII, 302P
650 ## - SUBJECT ADDED ENTRY--TOPICAL TERM
Topical term or geographic name entry element MILITARY ART AND SCIENCE ECONOMICS ASPECTS
9 (RLIN) 68790
942 ## - ADDED ENTRY ELEMENTS (KOHA)
Koha item type Book
Source of classification or shelving scheme
Holdings
Withdrawn status Lost status Damaged status Not for loan Permanent Location Current Location Shelving location Date acquired Total Checkouts Full call number Barcode Date last seen Price effective from Koha item type
        College of Electrical & Mechanical Engineering (CEME) College of Electrical & Mechanical Engineering (CEME) General Stacks 08/02/2017   355.02 TOF'W CEME-29404 06/28/2021 06/28/2021 Book
© 2023 Central Library, National University of Sciences and Technology. All Rights Reserved.